000 00416nam a2200157 i 4500
001 bg
100 1 _aBARAŃSKI, Feliks
245 0 _aO pewnym zagadnieniu biparabolicznym typu Lauricelli /
_cFeliks Barański, Eugeniusz Wachnicki.
260 _aKraków,
_c1974.
700 1 _aWACHNICKI, Eugeniusz
040 _cBPK
041 _apol
080 _a517
942 _cKS
008 s pl f |000 0 pol
999 _c16154
_d16154
856 _uhttp://koha.tu.koszalin.pl/cgi-bin/koha/opac-detail.pl?biblionumber=16154
_yKatalog online BPK